000 00332 a2200157 4500
001 14277
020 _a9788574060743
040 _cAnchieta - Aquarius
100 _aPrieto, Heloisa
240 1 0 _aMata
_lpor
245 1 0 _aMata
300 _a63 p.
362 0 _a2015
650 4 _aFolclore / Adivinhações / Lendas
942 _cBK
999 _c14277
_d14277